[Event "Druzynowe Mistrzostwa Polski Juniorow - II Liga"]
[Site "Iwonicz"]
[Date "2016-07-31"]
[Round "10.70"]
[White "Gazda, Dominik"]
[Black "Binek, Dawid"]
[Result "1-0"]
[WhiteTitle "II"]
[BlackTitle "II"]
[WhiteElo "1223"]
[BlackElo "1288"]

1. e4 e5 2. Nf3 Nc6 3. Bb5 a6 4. Ba4 Nf6 5. O-O Bc5 6. d3 b5 7. Bb3 O-O 8. c3 d6
9. Re1 Bg4 10. Nbd2 h6 11. Nf1 Kh8 12. h3 Bh5 13. Ng3 Bg6 14. Nh4 Nh5 15. Ngf5
Kh7 16. Qg4 Nf6 17. Qg3 Nh5 18. Qf3 Nf6 19. Rd1 Ne7 20. d4 exd4 21. cxd4 Bb4 22.
e5 Ne8 23. Qg4 Nxf5 24. Nxf5 Qd7 25. Nxh6 Qxg4 26. Nxg4 dxe5 27. Nxe5 Nd6 28.
Nxg6 Kxg6 29. Bf4 Rfe8 30. Rac1 Ba5 31. Bc2+ f5 32. g4 Rac8 33. Bxd6 1-0

[Event "Druzynowe Mistrzostwa Polski Juniorow - II Liga"]
[Site "Iwonicz"]
[Date "2016-07-31"]
[Round "10.71"]
[White "Knapik, Julia"]
[Black "Winter, Anna"]
[Result "1/2-1/2"]
[WhiteTitle "I+"]
[BlackTitle "I"]
[WhiteElo "1627"]
[BlackElo "1374"]

1. e4 d5 2. exd5 Qxd5 3. Nf3 c6 4. Be2 Nf6 5. O-O Bf5 6. d4 e6 7. c4 Qd6 8. Nc3
Be7 9. Ne5 Nbd7 10. f4 O-O 11. g4 Bg6 12. f5 exf5 13. gxf5 Nxe5 14. dxe5 Qxe5
15. fxg6 hxg6 16. Bf4 Bc5+ 17. Kg2 Qe6 18. Qc2 Rfe8 19. Rae1 Rad8 20. Bg3 Ng4
21. Bxg4 Qxg4 22. a3 Qxc4 23. Rf4 Qa6 24. Ref1 Rf8 25. R1f3 Bd6 26. Ra4 Qb6 27.
Bf2 Qc7 28. h3 a6 29. Rg4 Be5 30. Qb3 Rd2 31. Rxg6 Bd4 32. Rg4 Bxf2 33. Rxf2 Rxf2+
34. Kxf2 Qh2+ 35. Rg2 Qf4+ 36. Kg1 Qe3+ 37. Kf1 Qf3+ 38. Kg1 Qe3+ 39. Kh2 Qf4+
40. Kh1 Qf1+ 41. Kh2 Qf4+ 42. Kh1 Qf1+ 43. Kh2 Qf4+ 1/2-1/2

[Event "Druzynowe Mistrzostwa Polski Juniorow - II Liga"]
[Site "Iwonicz"]
[Date "2016-07-31"]
[Round "10.72"]
[White "Uliasz, Katarzyna"]
[Black "Bienek, Magdalena"]
[Result "0-1"]
[WhiteTitle "II+"]
[BlackTitle "II"]
[WhiteElo "1097"]
[BlackElo "1071"]

1. e4 c5 2. c3 d5 3. e5 Nc6 4. Bb5 e6 5. Bxc6+ bxc6 6. Qa4 Bb7 7. Nf3 g6 8. O-O
Bg7 9. Qa3 Qb6 10. d4 c4 11. b4 Ne7 12. Qb2 O-O 13. Bg5 Nf5 14. a4 h6 15. a5 Qc7
16. Bd2 g5 17. h3 f6 18. Re1 Ne7 19. exf6 Rxf6 20. Na3 Ng6 21. Nc2 Re8 22. Ne3
e5 23. dxe5 Nxe5 24. Nxe5 Rxe5 25. Ng4 Rxe1+ 26. Rxe1 Rf8 27. Qc2 Qf7 28. Be3
Bc8 29. Qe2 Bxc3 30. Rc1 Bxg4 31. Qxg4 Bxb4 32. a6 c5 33. Rb1 Qf5 34. Qxf5 Rxf5
35. g4 Rf6 36. Ra1 d4 37. Bc1 Kf7 38. Bb2 c3 39. Bc1 Rb6 40. f4 d3 41. fxg5 d2
42. Bxd2 cxd2 43. gxh6 Rxh6 44. Rf1+ Rf6 45. Rd1 c4 46. g5 Re6 47. Rf1+ Kg6 48.
h4 Re1 49. h5+ Kxg5 50. h6 Rxf1+ 51. Kxf1 d1=Q+ 0-1

[Event "Druzynowe Mistrzostwa Polski Juniorow - II Liga"]
[Site "Iwonicz"]
[Date "2016-07-31"]
[Round "10.73"]
[White "Sloniewski, Kacper"]
[Black "Tokarz, Krzysztof"]
[Result "0-1"]
[WhiteTitle "II"]
[BlackTitle "II+"]
[WhiteElo "1168"]
[BlackElo "1637"]

1. e4 e6 2. d4 d5 3. Nd2 Nf6 4. e5 Nfd7 5. Bd3 c5 6. c3 Nc6 7. Ne2 cxd4 8. cxd4
Be7 9. a3 f6 10. Nf4 Nf8 11. Nf3 Bd7 12. Be3 Qb8 13. exf6 Bxf6 14. O-O Qd6 15.
Rc1 O-O-O 16. b4 Kb8 17. Ne2 Ng6 18. Bxg6 hxg6 19. b5 Nxd4 20. Nexd4 e5 21. Ne2
Bxb5 22. Bc5 Qe6 23. Re1 b6 24. Qb3 Ba6 25. Bb4 Bb7 26. h3 Qd7 27. Ng3 Rhe8 28.
a4 d4 29. a5 b5 30. Rc5 e4 31. Nd2 e3 32. fxe3 dxe3 33. Nf3 Bxf3 34. gxf3 Qxh3
35. Rxb5+ Ka8 36. Qc2 Qxg3+ 37. Kh1 Rh8+ 0-1

[Event "Druzynowe Mistrzostwa Polski Juniorow - II Liga"]
[Site "Iwonicz"]
[Date "2016-07-31"]
[Round "10.74"]
[White "Szczuraszyk, Jaroslaw"]
[Black "Nowacka, Dorota"]
[Result "1/2-1/2"]
[WhiteTitle "II"]
[BlackTitle "I"]
[WhiteElo "1643"]
[BlackElo "1415"]

1. d4 Nf6 2. c4 e5 3. dxe5 Ng4 4. Bf4 Nc6 5. Nf3 Bb4+ 6. Nbd2 Qe7 7. a3 Ncxe5 8.
Nxe5 Nxe5 9. e3 Bxd2+ 10. Qxd2 d6 11. Be2 O-O 12. O-O Bf5 13. Rac1 Ng6 14. Bg3
Rfe8 15. Bf3 Rab8 16. Qa5 Ne5 17. Be2 Qd7 18. Qxa7 Ra8 19. Qd4 Qe6 20. c5 Rad8
21. cxd6 Nc6 22. Qc4 cxd6 23. Qxe6 Rxe6 24. Bf3 Be4 25. Bxe4 Rxe4 26. Rfd1 d5
27. h3 Rc4 28. b3 Rxc1 29. Rxc1 h6 30. Bc7 Rd7 31. Bb6 Ne5 32. Bd4 Nc6 33. Bb6
Ne5 34. Kf1 Nc6 35. Ke2 Rd6 36. Kd2 f5 37. Bd4 Kf7 38. b4 Rd7 39. Rc5 g6 40. Kc3
1/2-1/2

[Event "Druzynowe Mistrzostwa Polski Juniorow - II Liga"]
[Site "Iwonicz"]
[Date "2016-07-31"]
[Round "10.75"]
[White "Syrkiewicz, Michal"]
[Black "Mazurek, Bartosz"]
[Result "1/2-1/2"]
[WhiteTitle "II"]
[BlackTitle "II"]
[WhiteElo "1389"]
[BlackElo "1462"]

1. c4 c5 2. Nc3 Nc6 3. g3 g6 4. Bg2 Bg7 5. Nf3 Nf6 6. O-O O-O 7. d3 Ne8 8. a3 Nc7
9. e3 e6 10. Rb1 d5 11. Ne2 dxc4 12. dxc4 Qe7 13. Qc2 Rd8 14. Rd1 Rxd1+ 15. Qxd1
Rb8 16. b3 b6 17. Bb2 Bb7 18. Bxg7 Kxg7 19. Qc2 Kg8 20. Rd1 Ne8 21. Nc3 a6 22.
Rd3 Rd8 23. Qd1 Rxd3 24. Qxd3 Na5 25. Nd2 Bxg2 26. Kxg2 Qc7 27. Nce4 Nc6 28. Nf3
Ne5 29. Nxe5 Qxe5 30. f4 Qc7 31. Kf3 Qc6 32. Kf2 Qc7 33. a4 Qc6 34. Kg1 Qc7 35.
Nf2 Nf6 36. e4 Qd7 37. Qxd7 Nxd7 38. e5 a5 39. Ne4 h6 40. h4 Kg7 41. g4 h5 42.
g5 Kf8 43. Kf2 Ke7 44. Ke3 Kf8 1/2-1/2

[Event "Druzynowe Mistrzostwa Polski Juniorow - II Liga"]
[Site "Iwonicz"]
[Date "2016-07-31"]
[Round "10.76"]
[White "Kebel, Bartosz"]
[Black "Sloniewska, Agata"]
[Result "1-0"]
[WhiteTitle "II"]
[BlackTitle "II"]
[WhiteElo "1308"]
[BlackElo "1028"]

1. d4 Nf6 2. c4 e5 3. dxe5 Ng4 4. Nf3 Bc5 5. e3 Nc6 6. Nc3 Ngxe5 7. Nxe5 Nxe5 8.
Be2 O-O 9. O-O Re8 10. b3 a5 11. Bb2 Ra6 12. Na4 Bb4 13. a3 Bf8 14. Qd5 Bd6 15.
c5 c6 16. Qxd6 Re6 17. Qd4 Ra7 18. f4 1-0

[Event "Druzynowe Mistrzostwa Polski Juniorow - II Liga"]
[Site "Iwonicz"]
[Date "2016-07-31"]
[Round "10.77"]
[White "Dabrowska, Aleksandra"]
[Black "Tomaszek, Katarzyna"]
[Result "1-0"]
[WhiteTitle "I"]
[BlackTitle "II"]
[WhiteElo "1371"]
[BlackElo "1124"]

1. e4 c6 2. Nc3 d5 3. exd5 cxd5 4. d4 Nf6 5. Bf4 Bf5 6. Nb5 e5 7. Bxe5 Qe7 8. Nc7+
Kd7 9. Be2 Nc6 10. Bxf6 gxf6 11. Nxa8 Be4 12. f3 Bf5 13. a3 Bg7 14. Nb6+ axb6
15. Qd2 Re8 16. O-O-O Qf8 17. Kb1 Bh6 18. f4 Qg7 19. g3 Be4 20. Nf3 f5 21. Rhf1
f6 22. Bd3 Bxf3 23. Rxf3 Nxd4 24. Bxf5+ Ne6 25. Qxd5+ Ke7 26. Qxe6+ Kf8 27. Qxb6
Kg8 28. Rd7 Re7 29. Qd8+ Qf8 30. Qxe7 Bg7 31. Qxf8+ Kxf8 32. Rxb7 Kg8 33. Rc3
Bf8 34. Rc8 h6 35. Bh7+ Kh8 36. Rxf8# 1-0

[Event "Druzynowe Mistrzostwa Polski Juniorow - II Liga"]
[Site "Iwonicz"]
[Date "2016-07-31"]
[Round "10.79"]
[White "Hasterok, Mateusz"]
[Black "Miasik, Adrian"]
[Result "0-1"]
[WhiteTitle "II+"]
[BlackTitle "I"]
[WhiteElo "1695"]
[BlackElo "1950"]

1. d4 d5 2. c4 e6 3. Nc3 c5 4. Nf3 Nc6 5. Bf4 cxd4 6. Nxd4 a6 7. e3 Nxd4 8. exd4
Nf6 9. a3 Bd6 10. Bxd6 Qxd6 11. c5 Qc7 12. Be2 O-O 13. O-O e5 14. b4 e4 15. Qb3
Be6 16. f3 Qf4 17. Na4 exf3 18. Bxf3 Qxd4+ 19. Kh1 Ne4 20. Bxe4 dxe4 21. Qg3 Rad8
22. h3 f5 23. Qc7 e3 24. Rfe1 f4 25. Nb6 f3 26. gxf3 Rxf3 27. Kg2 Rxh3 0-1

[Event "Druzynowe Mistrzostwa Polski Juniorow - II Liga"]
[Site "Iwonicz"]
[Date "2016-07-31"]
[Round "10.80"]
[White "Ciasnocha, Michal"]
[Black "Charczenko, Dominik"]
[Result "1/2-1/2"]
[WhiteTitle "II"]
[BlackTitle "II"]
[WhiteElo "1460"]
[BlackElo "1596"]

1. d4 d5 2. c4 e6 3. Nc3 Nf6 4. cxd5 exd5 5. Bg5 c6 6. Qc2 Be7 7. e3 h6 8. Bh4
Qa5 9. Nf3 Na6 10. Rc1 O-O 11. a3 Re8 12. Bd3 Nc7 13. O-O a6 14. Ne5 Be6 15. f4
Ng4 16. Nxg4 Bxg4 17. Bxe7 Rxe7 18. f5 f6 19. e4 dxe4 20. Bxe4 Nb5 21. Nxb5 Qxb5
22. Rf4 Bh5 23. Bd3 Qa5 24. Bc4+ Kh8 25. Be6 Bf7 26. Bxf7 Rxf7 27. Re4 Rd8 28.
Qe2 Rff8 29. Rf1 Qb5 30. Qf2 Rd5 31. g4 Rfd8 32. Rfe1 Qb6 33. Re8+ Rxe8 34. Rxe8+
Kh7 35. Re4 Qb3 36. Qe2 Rb5 37. Re8 Qa2 38. b4 Qa1+ 39. Kg2 Qxa3 40. Rh8+ 1/2-1/2

[Event "Druzynowe Mistrzostwa Polski Juniorow - II Liga"]
[Site "Iwonicz"]
[Date "2016-07-31"]
[Round "10.81"]
[White "Hasterok, Lukasz"]
[Black "Babiarz, Arkadiusz"]
[Result "0-1"]
[WhiteTitle "III"]
[BlackTitle "I"]
[WhiteElo "1185"]
[BlackElo "1692"]

1. e4 c5 2. Nf3 e6 3. d4 cxd4 4. Nxd4 a6 5. Nc3 b5 6. Bd3 Bb7 7. Be3 Qc7 8. Qd2
Nf6 9. f3 Be7 10. O-O d6 11. Rad1 Nbd7 12. b4 Ne5 13. Rc1 Nc4 14. Bxc4 Qxc4 15.
a3 Rc8 16. Nde2 O-O 17. Qd3 Nd7 18. Qxc4 Rxc4 19. Bf4 Rfc8 20. Bd2 Bf6 21. Rfd1
Kf8 22. Be1 Ke7 23. Rd3 Ne5 24. Re3 Nc6 25. Rd3 Nd4 26. Nxd4 Bxd4+ 27. Rxd4 Rxd4
28. Ne2 Rdc4 29. c3 d5 30. e5 f6 31. Bg3 d4 32. Nxd4 Rxd4 33. Bf2 Rdc4 34. Bc5+
Kf7 35. exf6 gxf6 36. Kf2 Rd8 37. Ke2 e5 38. Be3 Ke6 39. g3 f5 40. f4 e4 41. h3
h5 42. h4 Rd3 43. Bc5 Rcxc3 44. Rxc3 Rxc3 45. Kf2 Rxa3 46. Be3 Rb3 47. Bc5 Kd5
48. Be7 Kc4 49. Bc5 Rxb4 50. Bxb4 Kxb4 51. Ke3 Kc3 52. g4 fxg4 53. f5 Bd5 0-1

[Event "Druzynowe Mistrzostwa Polski Juniorow - II Liga"]
[Site "Iwonicz"]
[Date "2016-07-31"]
[Round "10.85"]
[White "Szustakowski, Antoni"]
[Black "Koseski, Damian"]
[Result "1-0"]
[WhiteTitle "I++"]
[BlackTitle "I"]
[WhiteElo "2033"]
[BlackElo "1762"]

1. d4 g6 2. c4 Nf6 3. Nc3 Bg7 4. e4 d6 5. Nf3 O-O 6. Be2 e5 7. O-O Nbd7 8. Be3
Re8 9. d5 Nh5 10. Re1 Bf8 11. b4 Ng7 12. Bg5 Be7 13. Bxe7 Qxe7 14. Nd2 f5 15.
Nb3 fxe4 16. Nxe4 Nf6 17. Bf3 Nxe4 18. Bxe4 Rf8 19. Rc1 Bf5 20. f3 Qg5 21. Qd2
Qxd2 22. Nxd2 a5 23. b5 b6 24. c5 bxc5 25. a4 Ne8 26. Nc4 Rf7 27. Rb1 Rb8 28.
Ra1 Ra8 29. g3 Bxe4 30. fxe4 Rf3 31. Ra3 Rxa3 32. Nxa3 Kf7 33. Nc4 Ke7 34. Rb1
Nf6 35. b6 cxb6 36. Rxb6 Nxe4 37. Rb7+ Kf6 38. Kg2 Ra6 39. Rd7 h5 40. h4 Nc3 41.
Nxd6 e4 42. Ne8+ Ke5 43. Re7+ Kxd5 44. Nc7+ Kd6 45. Re6+ Kxc7 46. Rxa6 Nxa4 47.
Rxa5 Nb6 48. Rxc5+ Kd6 49. Rg5 Nc4 50. Rxg6+ Kd5 51. Rg5+ Kd4 52. Rxh5 e3 53.
Rh8 Nd2 54. Rd8+ Ke4 55. Re8+ Kd4 56. h5 Ne4 57. Rxe4+ Kxe4 58. Kf1 1-0

[Event "Druzynowe Mistrzostwa Polski Juniorow - II Liga"]
[Site "Iwonicz"]
[Date "2016-07-31"]
[Round "10.86"]
[White "Laszczak, Przemyslaw"]
[Black "Kozlowski, Bartlomiej"]
[Result "1-0"]
[WhiteTitle "I+"]
[BlackTitle "II"]
[WhiteElo "1819"]
[BlackElo "1474"]

1. Nf3 Nc6 2. d4 d5 3. c4 e6 4. Nc3 Nf6 5. Bg5 Be7 6. e3 O-O 7. Bd3 h6 8. Bh4 Bd7
9. Bxf6 Bxf6 10. cxd5 exd5 11. Nxd5 Bg4 12. Nxf6+ Qxf6 13. Be2 Rad8 14. h3 Bh5
15. O-O a6 16. Rc1 Rfe8 17. Qb3 Na5 18. Qb4 Qb6 19. Qxb6 cxb6 20. g4 Bg6 21. Ne5
Be4 22. b4 Nc6 23. Nxc6 bxc6 24. a4 b5 25. a5 Bd5 26. Rc3 Rc8 27. f3 Bc4 28. Bxc4
bxc4 29. e4 Red8 30. Rxc4 Rd6 31. d5 Kf8 32. Rfc1 Ke7 33. dxc6 Ke6 34. Rc5 g6
35. c7 Rd4 36. b5 axb5 37. Rxb5 Ra4 38. Rb6+ Kd7 39. a6 Rxc7 40. Rxc7+ Kxc7 41.
Rb7+ Kd6 42. Rxf7 Rxa6 43. Rf6+ 1-0

[Event "Druzynowe Mistrzostwa Polski Juniorow - II Liga"]
[Site "Iwonicz"]
[Date "2016-07-31"]
[Round "10.89"]
[White "Reszka, Zofia"]
[Black "Parol, Pola"]
[Result "0-1"]
[WhiteTitle "II+"]
[BlackTitle "k"]
[WhiteElo "1127"]
[BlackElo "1817"]

1. e4 d6 2. d4 Nf6 3. Nc3 g6 4. Nf3 Bg7 5. Bd3 O-O 6. O-O Nbd7 7. Be3 a6 8. Qd2
Ng4 9. Rad1 Nxe3 10. Qxe3 b5 11. a3 c5 12. dxc5 dxc5 13. e5 e6 14. Ne2 Qc7 15.
Ng3 Nxe5 16. Nxe5 Bxe5 17. c3 Bb7 18. Rfe1 Bf4 19. Qe2 Rad8 20. Bc2 Bd5 21. Kh1
Bxg3 22. hxg3 Qc6 23. f3 Bc4 24. Qe3 a5 25. Be4 Bd5 26. b3 Bxe4 27. Qxe4 Qxe4
28. fxe4 Kg7 29. e5 Rd5 30. c4 bxc4 31. bxc4 Rxd1 32. Rxd1 Rb8 33. Rd6 Rb3 34.
Rc6 Rxg3 35. Rxc5 Rxa3 36. Rb5 Rc3 37. Rxa5 Rxc4 38. Kg1 Rf4 39. Kh2 h5 40. g3
Rf5 41. Kh3 Kh6 42. Ra7 Kg5 43. Kg2 h4 44. gxh4+ Kxh4 45. Kh2 g5 46. Ra4+ g4 47.
Re4 Kg5 48. Kg2 Rf4 49. Re3 Kf5 50. Kh2 Re4 51. Rxe4 Kxe4 52. Kg3 Kxe5 53. Kxg4
Ke4 54. Kg3 f5 55. Kf2 f4 56. Ke2 f3+ 57. Kf2 Kf4 58. Kf1 Ke3 59. Ke1 f2+ 60.
Kf1 e5 0-1

[Event "Druzynowe Mistrzostwa Polski Juniorow - II Liga"]
[Site "Iwonicz"]
[Date "2016-07-31"]
[Round "11.1"]
[White "Lizak, Jakub"]
[Black "Molenda, Marcin"]
[Result "1-0"]
[WhiteTitle "k"]
[BlackTitle "k"]
[WhiteElo "2131"]
[BlackElo "2267"]

1. e4 c5 2. Nf3 Nc6 3. d4 cxd4 4. Nxd4 g6 5. c4 Nf6 6. Nc3 d6 7. Be2 Nxd4 8. Qxd4
Bg7 9. Be3 O-O 10. Qd2 a5 11. O-O a4 12. Bd4 Bd7 13. f4 Bc6 14. Qe3 Nd7 15. Bxg7
Kxg7 16. b4 axb3 17. axb3 Qb6 18. Qxb6 Nxb6 19. Rfd1 Nd7 20. Bd3 Rfb8 21. b4 b6
22. Kf2 Rc8 23. Ke3 Nf8 24. Bf1 Kf6 25. g3 Rxa1 26. Rxa1 Ra8 27. Rxa8 Bxa8 28.
Bg2 Kg7 29. Bh3 Bc6 30. b5 Bd7 31. f5 gxf5 32. exf5 e6 33. fxe6 Bxe6 34. Bxe6
fxe6 35. Ne4 d5 36. cxd5 exd5 37. Nc3 Nd7 38. Kd4 1-0

[Event "Druzynowe Mistrzostwa Polski Juniorow - II Liga"]
[Site "Iwonicz"]
[Date "2016-07-31"]
[Round "11.2"]
[White "Koloczek, Maciej"]
[Black "Tustanowski, Mateusz"]
[Result "1/2-1/2"]
[WhiteTitle "II"]
[BlackTitle "I++"]
[WhiteElo "1731"]
[BlackElo "1957"]

1. Nf3 Nf6 2. g3 g6 3. Bg2 Bg7 4. O-O O-O 5. d3 d5 6. Nbd2 Nbd7 7. e4 dxe4 8. dxe4
e5 9. Qe2 Qe7 10. Nc4 b6 11. Bg5 h6 12. Bxf6 Bxf6 13. Ne3 Bb7 14. Rad1 Nc5 15.
Nd5 Bxd5 16. Rxd5 c6 17. Rd2 a5 18. Rfd1 Rfd8 19. Ne1 Rxd2 20. Qxd2 Rd8 21. Qxd8+
Qxd8 22. Rxd8+ Bxd8 23. Nd3 Nxd3 24. cxd3 Bg5 25. Bh3 Bc1 26. b3 Kg7 27. Bd7 c5
28. Kg2 h5 29. h3 Kf6 30. Kf3 Ke7 31. Bb5 g5 32. a4 Bb2 1/2-1/2

[Event "Druzynowe Mistrzostwa Polski Juniorow - II Liga"]
[Site "Iwonicz"]
[Date "2016-07-31"]
[Round "11.3"]
[White "Kukula, Karol"]
[Black "Galuszka, Tomasz"]
[Result "0-1"]
[WhiteTitle "II"]
[BlackTitle "II+"]
[WhiteElo "1550"]
[BlackElo "1768"]

1. e4 d5 2. exd5 Nf6 3. d4 Nxd5 4. Nf3 Bg4 5. Be2 e6 6. O-O Be7 7. c4 Nf6 8. Nc3
O-O 9. Be3 Nbd7 10. Qd2 c6 11. Rfd1 Nb6 12. Ne5 Bxe2 13. Qxe2 Nfd7 14. Nxd7 Nxd7
15. Rac1 Bd6 16. d5 exd5 17. cxd5 c5 18. Ne4 Bxh2+ 19. Kf1 Be5 20. Nxc5 Nxc5 21.
Rxc5 Qh4 22. Qf3 Bd6 23. Rcc1 Rfe8 24. Rd4 Qh1+ 25. Ke2 Qxc1 0-1

[Event "Druzynowe Mistrzostwa Polski Juniorow - II Liga"]
[Site "Iwonicz"]
[Date "2016-07-31"]
[Round "11.4"]
[White "Gazik, Jakub"]
[Black "Szeliga, Sebastian"]
[Result "1/2-1/2"]
[WhiteTitle "II"]
[BlackTitle "II"]
[WhiteElo "1509"]
[BlackElo "1228"]

1. d4 Nf6 2. Nf3 e6 3. e3 b6 4. Bd3 Bb7 5. Nbd2 Be7 6. b3 O-O 7. Bb2 d6 8. O-O
Nbd7 9. e4 c5 10. c3 Rc8 11. Rc1 Qc7 12. Re1 Rfd8 13. Kh1 Nf8 14. c4 Ng6 15. d5
e5 16. Ng1 Nf4 17. Nf1 Qd7 18. Ng3 Ng4 19. Rf1 Bg5 20. Rc2 Rc7 21. Nf5 Nh6 22.
Nxh6+ Bxh6 23. Bc1 Bc8 24. Ne2 Qe7 25. Nxf4 Bxf4 26. Bxf4 exf4 27. Qh5 Qe5 28.
Qxe5 dxe5 29. Be2 Rd6 30. a3 a5 31. Rb2 Kf8 32. Kg1 Ke7 33. f3 Bd7 34. b4 axb4
35. axb4 Ra7 36. bxc5 bxc5 37. Rfb1 Rda6 38. Rb7 g6 39. g3 fxg3 40. hxg3 Rxb7
41. Rxb7 g5 42. f4 gxf4 43. Bg4 Rd6 44. Rxd7+ Rxd7 45. Bxd7 Kxd7 46. gxf4 exf4
47. e5 h5 48. Kg2 h4 49. Kg1 Ke7 50. Kg2 1/2-1/2

[Event "Druzynowe Mistrzostwa Polski Juniorow - II Liga"]
[Site "Iwonicz"]
[Date "2016-07-31"]
[Round "11.5"]
[White "Wojcik, Jagoda"]
[Black "Kordela, Monika"]
[Result "1-0"]
[WhiteTitle "I+"]
[BlackTitle "I"]
[WhiteElo "1609"]
[BlackElo "1783"]

1. e4 g6 2. d4 Bg7 3. Nc3 c5 4. Nf3 cxd4 5. Nxd4 Nc6 6. Be3 d6 7. Qd2 Nf6 8. f3
O-O 9. O-O-O Bd7 10. g4 Rc8 11. Kb1 Ne5 12. h4 b5 13. Ncxb5 Bxb5 14. Bxb5 Rb8
15. Be2 Qb6 16. Nb3 Qb7 17. h5 Rfc8 18. hxg6 fxg6 19. g5 Nh5 20. f4 Nc4 21. Bxc4+
Rxc4 22. Rhe1 Rxe4 23. Qd3 Nxf4 24. Bxf4 Rxf4 25. Qh3 a5 26. Rh1 a4 27. Qe6+ Kh8
28. Qxg6 Qe4 29. Rxh7+ 1-0

[Event "Druzynowe Mistrzostwa Polski Juniorow - II Liga"]
[Site "Iwonicz"]
[Date "2016-07-31"]
[Round "11.6"]
[White "Adamczyk, Zuzanna"]
[Black "Pisarek, Elzbieta"]
[Result "1-0"]
[WhiteTitle "I"]
[BlackTitle "I"]
[WhiteElo "1672"]
[BlackElo "1351"]

1. e4 e5 2. Nf3 Nf6 3. Nxe5 d6 4. Nf3 Nxe4 5. d4 d5 6. Bd3 Bd6 7. O-O O-O 8. c4
c6 9. Qc2 Nf6 10. cxd5 cxd5 11. Nc3 h6 12. Nb5 Nc6 13. Nxd6 Qxd6 14. h3 Nb4 15.
Qd1 Nxd3 16. Qxd3 Re8 17. Ne5 Ne4 18. Bf4 Qf6 19. Qf3 Be6 20. Rac1 Rac8 21. Rfd1
a6 22. Qe3 Qe7 23. f3 Nd6 24. Qf2 Qf6 25. Bh2 Red8 26. Nd3 Bd7 27. Be5 Qe7 28.
Re1 Qf8 29. g4 Bc6 30. b3 Re8 31. Qh2 Rcd8 32. Nb4 f6 33. Nxc6 bxc6 34. Bxd6 Rxe1+
35. Rxe1 Rxd6 36. Qe2 a5 37. Qa6 Qd8 38. Qa7 Kf8 39. Qc5 Kg8 40. Re3 Kf7 41. Kf2
Qc7 42. b4 axb4 43. Qxb4 Qd8 44. a4 Rd7 45. Qc5 Qc8 46. Rb3 Rb7 47. Rb6 Rc7 48.
a5 Kg8 49. a6 Kf7 50. Kg2 Kg8 51. Kf2 Kf7 52. Qb4 Rd7 53. Rb7 Ke8 54. Rb8 Qxb8
55. Qxb8+ Ke7 56. a7 Rd8 57. Qxd8+ Kxd8 58. a8=Q+ 1-0

[Event "Druzynowe Mistrzostwa Polski Juniorow - II Liga"]
[Site "Iwonicz"]
[Date "2016-07-31"]
[Round "11.7"]
[White "Fus, Jakub"]
[Black "Brozyna, Mateusz"]
[Result "0-1"]
[WhiteTitle "I++"]
[BlackTitle "I"]
[WhiteElo "2025"]
[BlackElo "1831"]

1. d4 f5 2. Bg5 c6 3. e3 Qb6 4. Nd2 Qxb2 5. Rb1 Qa3 6. Ne2 Qa5 7. Nf4 g6 8. h4
Nf6 9. f3 d6 10. h5 Nxh5 11. Nxh5 gxh5 12. f4 Kd8 13. Qxh5 Qc3 14. Bd3 Na6 15.
Rb3 Qa5 16. Ke2 Kc7 17. Qe8 Qd5 18. Nf3 Qe6 19. Rhb1 b6 20. Kf2 Bb7 21. Qh5 Qg6
22. Qh3 e6 23. Qh1 h6 24. Bh4 Rg8 25. Qf1 c5 26. g3 Nb4 27. dxc5 dxc5 28. Ne5
Qg7 29. c4 Bd6 30. a3 Nxd3+ 31. Rxd3 Bxe5 32. fxe5 Qxe5 33. Rbd1 Bc6 34. Ke1 Rg4
35. Qf2 Rxc4 36. Qd2 Bd5 37. Qe2 Re4 38. Kf2 Rg8 39. Qh5 Kc6 40. Qf7 Qg7 41. Qh5
Qg6 42. Qxg6 Rxg6 43. Rc1 a5 44. Rdc3 a4 45. Be7 Reg4 46. Bh4 Rg7 47. Bf6 Rg8
48. Be5 h5 49. Bd4 h4 50. Bxc5 hxg3+ 51. Kg1 bxc5 52. Rxc5+ Kd6 0-1

[Event "Druzynowe Mistrzostwa Polski Juniorow - II Liga"]
[Site "Iwonicz"]
[Date "2016-07-31"]
[Round "11.8"]
[White "Piwowarczyk, Arkadiusz"]
[Black "Rzeszowski, Dominik"]
[Result "0-1"]
[WhiteTitle "II"]
[BlackTitle "I"]
[WhiteElo "1568"]
[BlackElo "1853"]

1. Nf3 Nf6 2. d4 g6 3. Bf4 Bg7 4. h3 O-O 5. e3 d6 6. Be2 Nbd7 7. c4 c5 8. O-O Qb6
9. Qb3 Re8 10. Nc3 Qxb3 11. axb3 a6 12. dxc5 Nxc5 13. b4 Ne6 14. Bh2 Bd7 15. Rfd1
Rec8 16. Rab1 b5 17. cxb5 axb5 18. Nxb5 Rab8 19. Nfd4 Nxd4 20. Nxd4 Rxb4 21. g4
Rcb8 22. b3 Ne4 23. Rd3 Bxd4 24. Rxd4 Rxd4 25. exd4 Rb4 26. Rb2 Be6 27. Bf3 Nc3
28. Bf4 Rxb3 29. Rxb3 Bxb3 30. Be3 Bd5 31. Kg2 Bxf3+ 32. Kxf3 f6 33. Bd2 Nd5 34.
Ke4 e6 35. f4 Kf7 36. f5 gxf5+ 37. gxf5 Ne7 38. fxe6+ Kxe6 39. h4 h5 40. Be1 f5+
41. Kf4 Kf6 42. Kf3 Ng6 43. Bg3 Ke6 44. Ke3 Kd5 45. Kd3 Nf8 46. Be1 Ne6 47. Bf2
f4 48. Bg1 Ng7 49. Bh2 Nf5 50. Bxf4 Nxh4 51. Ke2 Nf5 52. Kf3 Nxd4+ 53. Ke3 Nf5+
54. Kd3 Ke6 55. Ke4 d5+ 56. Kf3 Nh4+ 57. Kg3 Ng6 58. Bd2 Ke5 59. Kf3 Kd4 60. Ke2
Ke4 61. Ba5 d4 62. Be1 d3+ 63. Kf2 Nf4 64. Bd2 h4 65. Bc1 h3 66. Bd2 h2 0-1

[Event "Druzynowe Mistrzostwa Polski Juniorow - II Liga"]
[Site "Iwonicz"]
[Date "2016-07-31"]
[Round "11.9"]
[White "Czernek, Tymon"]
[Black "Suder, Jakub"]
[Result "1/2-1/2"]
[WhiteTitle "I"]
[BlackTitle "I"]
[WhiteElo "1867"]
[BlackElo "1751"]

1. Nf3 Nf6 2. c4 g6 3. d4 Bg7 4. Nc3 d6 5. e4 Nbd7 6. Bd3 O-O 7. O-O e5 8. dxe5
dxe5 9. Bg5 c6 10. Qd2 Qc7 11. b4 a5 12. a3 Rd8 13. Rfd1 Nf8 14. Bxf6 Bxf6 15.
b5 Bg4 16. Qe3 Ne6 17. h3 Bxf3 18. Qxf3 Be7 19. Ne2 Rd7 20. bxc6 bxc6 21. Bc2
Rad8 22. Rxd7 Rxd7 23. Qc3 Bc5 24. Rb1 Qa7 25. Qxe5 Bxf2+ 26. Kh1 Rd2 27. Nf4
Bg3 28. Rb8+ Nf8 29. Ne6 fxe6 30. Rxf8+ Kxf8 31. Qh8+ Ke7 32. Qg7+ Ke8 33. Qxa7
Re2 34. Qa8+ Kd7 35. Qb7+ Kd8 36. Qb6+ Ke7 37. Qc5+ Kf7 38. Qa7+ Ke8 39. Qa8+
Kd7 40. Qb7+ Kd8 41. Qb6+ Ke7 42. Qc5+ Kf7 1/2-1/2

[Event "Druzynowe Mistrzostwa Polski Juniorow - II Liga"]
[Site "Iwonicz"]
[Date "2016-07-31"]
[Round "11.10"]
[White "Piwowarczyk, Bartlomiej"]
[Black "Baum, Jonasz"]
[Result "1/2-1/2"]
[WhiteTitle "II+"]
[BlackTitle "I"]
[WhiteElo "1425"]
[BlackElo "1826"]

1. d4 d5 2. c4 e6 3. Nc3 Nf6 4. Nf3 Nbd7 5. cxd5 exd5 6. Bf4 c6 7. e3 Bb4 8. Qc2
O-O 9. a3 Ba5 10. Bd3 Bc7 11. Bg3 Re8 12. O-O-O Ba5 13. Ne2 Ne4 14. Bxe4 dxe4
15. Ne5 Nf6 16. Bh4 Qd5 17. Nf4 Qa2 18. Qc4 Qxc4+ 19. Nxc4 Bc7 20. Bxf6 Bxf4 21.
Bxg7 Bxe3+ 22. fxe3 Kxg7 23. Rhf1 Be6 24. Nd6 Re7 25. Nf5+ Bxf5 26. Rxf5 f6 27.
Rf2 Rc8 28. h3 Kg6 29. Kd2 c5 30. d5 Rd7 31. Kc3 f5 32. Kc4 1/2-1/2

[Event "Druzynowe Mistrzostwa Polski Juniorow - II Liga"]
[Site "Iwonicz"]
[Date "2016-07-31"]
[Round "11.11"]
[White "Reda, Patrycja"]
[Black "Kasperek, Kinga"]
[Result "0-1"]
[WhiteTitle "I"]
[BlackTitle "I"]
[WhiteElo "1417"]
[BlackElo "1585"]

1. d4 d5 2. Nf3 Nf6 3. Bg5 e6 4. Nbd2 Be7 5. e3 O-O 6. Bd3 Nbd7 7. O-O h6 8. Bh4
b6 9. c3 Bb7 10. Ne5 c5 11. f4 a6 12. Rf3 b5 13. Rh3 b4 14. g4 bxc3 15. bxc3 cxd4
16. exd4 Nxe5 17. fxe5 Nd7 18. Nf3 Bxh4 19. Rxh4 f6 20. Rh5 fxe5 21. Nxe5 Nxe5
22. Rxe5 Qh4 23. Qe2 Rf4 24. Rxe6 Qxg4+ 25. Qxg4 Rxg4+ 26. Kh1 Rc8 27. Bg6 Bc6
28. Rae1 Bb5 29. Rd6 Rf8 30. Rg1 Rgf4 31. h3 Rf3 32. Kh2 Rxc3 33. Rxd5 Bc6 34.
Rf5 Rc2+ 35. Kg3 Rxa2 36. Rxf8+ Kxf8 37. Rf1+ Ke7 38. Rf2 Rxf2 39. Kxf2 Kd6 40.
Ke3 a5 41. Bc2 a4 42. Bb1 a3 43. Kf4 Bd7 44. h4 Be6 45. d5 Kxd5 0-1

[Event "Druzynowe Mistrzostwa Polski Juniorow - II Liga"]
[Site "Iwonicz"]
[Date "2016-07-31"]
[Round "11.12"]
[White "Laszczuk, Zuzanna"]
[Black "Tarka, Aleksandra"]
[Result "0-1"]
[WhiteTitle "I"]
[BlackTitle "I"]
[WhiteElo "1043"]
[BlackElo "1449"]

1. e4 c6 2. d4 d5 3. exd5 cxd5 4. Nc3 Nc6 5. Nf3 Bg4 6. Bb5 e6 7. Bxc6+ bxc6 8.
a3 Qb6 9. Na4 Qa5+ 10. Nc3 Be7 11. O-O h6 12. h3 Bxf3 13. Qxf3 Bf6 14. Be3 Ne7
15. b4 Qa6 16. Rfd1 Qc4 17. Rd3 Nf5 18. Rad1 O-O 19. Qg4 a5 20. bxa5 Rxa5 21.
Ra1 Rb8 22. Ra2 Nxe3 23. fxe3 e5 24. Ne2 Qxa2 25. Rc3 Rxa3 26. Rxc6 Qb1+ 27. Kh2
Rxe3 28. Nc3 Qxc2 29. Rxf6 Qxc3 30. Rxh6 Qxd4 31. Qxd4 exd4 32. Rd6 Rb2 33. Rxd5
d3 34. Rd4 d2 35. Rd8+ Kh7 36. Rd7 Re1 37. Rd6 d1=Q 38. Rxd1 Rxd1 39. Kg3 Rdd2
40. Kf3 Rxg2 41. Ke3 Rg3+ 42. Kd4 Rxh3 43. Kc4 Rg2 44. Kd4 Rg4+ 45. Ke5 Rh5+ 46.
Kd6 Rg6+ 47. Ke7 f5 48. Kf7 Rf6+ 49. Ke7 f4 50. Kd7 Ra5 51. Kc7 Ra7+ 52. Kc8 Rf8#
0-1